00477nam a2200193 a 4500001001300000003000900013005001700022008004100039020001000080082001800090100002200108245002600130260003700156300000800193500003500201505001000236650001500246700002200261nice12345678IN_TiNIC20260116011557.0050524s0000 enga grp 000 0 eng  ac10000a297.86bKAM 2 aKamal-Ud-Din, A K aOpening of the Heart. aEnglandbShah Jehan Mosquec0000 a14p aincludes index and biblioraphy2 aindex aAhmadiyyah1 aKamal-Ud-Din, A K